Pemikiran Al-Ghazali tentang pendidikan

Bibliographic Details
Main Author: Hamid Fahmy Zarkasyi
Format: Book
Published: Kuala Lumpur : Dewan Bahasa dan Pustaka , 1990
Subjects:

MARC

LEADER 00000cam a2200000 7i4500
001 0000057008
005 20151216.0
008 151216
020 |a 9836216952 
090 0 0 |a 370.7   |b HAM 
100 0 |a Hamid Fahmy Zarkasyi 
245 1 0 |a Pemikiran Al-Ghazali tentang pendidikan   |c Hamid Fahmy Zarkasyi 
260 |a Kuala Lumpur :   |b Dewan Bahasa dan Pustaka ,   |c 1990 
300 |a 101pg. 
500 |a Includes index 
650 0 |a Educations 
999 |a 0000150262   |b Book   |c Adult Collection   |e Cawangan Mersing 
999 |a 000150265   |b Book   |c Adult Collection   |e Cawangan Muar